| 000 | 00722cam a2200265 4500500 | ||
|---|---|---|---|
| 005 | 20260329004939.0 | ||
| 041 | _afre | ||
| 042 | _adc | ||
| 100 | 1 | 0 |
_aPortevin, Catherine _eauthor |
| 245 | 0 | 0 | _aLa Ferme des animaux |
| 260 | _c2021. | ||
| 500 | _a75 | ||
| 690 | _aAnimal | ||
| 690 | _aAntispécisme | ||
| 690 | _aCochon | ||
| 690 | _aDictature | ||
| 690 | _aÉgalité | ||
| 690 | _aGeorge Orwell | ||
| 690 | _aHervé Le Tellier | ||
| 690 | _aOrwell | ||
| 690 | _aRévolution | ||
| 690 | _aTrotski | ||
| 786 | 0 | _nPhilosophie magazine | 153 | 10 | 2021-10-01 | p. 74-74 | 1951-1787 | |
| 856 | 4 | 1 | _uhttps://shs.cairn.info/magazine-philosophie-magazine-2021-10-page-74?lang=fr&redirect-ssocas=7080 |
| 999 |
_c1838821 _d1838821 |
||